书目信息 |
| 题名: |
科学社会主义理论与实践问题争鸣
|
|
| 作者: | ||
| 分册: | 上册 | |
| 出版信息: |
|
|
| 页数: | 229 | |
| 开本: | 20cm | |
| 丛书名: | ||
| 单 册: | ||
| 中图分类: | C1 | |
| 科图分类: | ||
| 主题词: | 社会科学--现状 , 社会科学--概况 | |
| 电子资源: | ||
| ISBN: | 7-306-01971-6 | |
| 000 | 00475nam0 2200169 450 | |
| 001 | 0735257515 | |
| 005 | 20070904094737.51 | |
| 010 | @a7-306-01971-6 | |
| 100 | @a20070904d km y0chiy0120 ea | |
| 101 | 0 | @achi |
| 200 | 1 | @a科学社会主义理论与实践问题争鸣@Ake xue she hui zhu yi li lun yu shi jian wen ti zheng ming@h上册 |
| 215 | @a229@d20cm | |
| 606 | 0 | @a社会科学@x现状 |
| 606 | 0 | @a社会科学@x概况 |
| 690 | @aC1@v3 | |
| 801 | 0 | @aCN@bPFT@c20070904 |
| 905 | @a213230@dC1@ea2:1@f1 | |
| 科学社会主义理论与实践问题争鸣.上册 |
| 229;20cm |
| ISBN 7-306-01971-6: |
| ● |
| 相关链接 |
|
|
|
|
正题名:科学社会主义理论与实践问题争鸣
索取号:C1/a2:1
 
预约/预借
| 序号 | 登录号 | 条形码 | 馆藏地/架位号 | 状态 | 备注 |
| 1 | 7500889 | 275008894 | 史法系资料室/ [索取号:C1/a2:1] | 在馆 |